| 000 | 00579nam a2200217Ia 4500 | ||
|---|---|---|---|
| 003 | GCL | ||
| 008 | 140319s9999 xx 000 0 ara d | ||
| 040 |
_aGCL / _cGCL |
||
| 082 | 0 | 4 |
_aط _b507 _bد ك |
| 100 | 1 | _aدار المعارف | |
| 245 | 1 | 0 |
_aالطيور / _cدار المعارف |
| 260 |
_a[S.N] : _bدار المعارف ، _c1992 |
||
| 300 | _a99 | ||
| 490 |
_aكل شىء عن _v0 |
||
| 650 | 0 | 4 | _aالاطفال |
| 650 | 0 | 4 | _aالعلوم |
| 650 | 0 | 4 | _aالحياة |
| 650 | 0 | 4 | _aالتاريخ الطبيعى |
| 650 | 0 | 4 | _aالحيوان |
| 942 |
_2ddc _cBK |
||
| 999 |
_c57971 _d57971 |
||